| 000 | 01043nam a22002535i 4500 | ||
|---|---|---|---|
| 001 | 176964 | ||
| 003 | ES-MaACL | ||
| 005 | 20250828061715.0 | ||
| 008 | 110222s1961 sz a |||| | spa d | ||
| 080 | _a316.343.2:63-051(861) | ||
| 080 | _a338.1(861) | ||
| 100 | 1 |
_aTorres Restrepo, Camilo. _9111007 |
|
| 245 | 1 | 4 |
_aLas escuelas radiofónicas de Sutatenza-Colombia _b: evaluación sociológica de los resultados / _cpor Camilo Torres Restrepo y Berta Corredor Rodríguez. |
| 260 |
_aFriburgo : _bOficina Internacional de Investigaciones Sociales de Feres, _c1961. |
||
| 300 |
_a75 p. : _bil. ; _c22 cm. |
||
| 490 | 1 |
_aEstudios sociológicos latino-americanos ; _v5 |
|
| 650 | 7 |
_aEducación rural- _zColombia _2 _9172483 |
|
| 651 | 4 |
_aColombia- _xSituación social. _9145305 |
|
| 700 | 1 |
_aCorredor, Berta. _940771 |
|
| 710 | 2 |
_aOficina Internacional de Investigaciones Sociales. _9172476 |
|
| 830 | 1 |
_aEstudios sociológicos latino-americanos ; _v5 _9190305 |
|
| 852 |
_aES-MaACL _jE-14387 _xOlim P-972-bis |
||
| 999 |
_c176964 _d176964 |
||